000
00307nam a2200133Ia 4500
003
OSt
005
20240402161605.0
020
_a
81-7000-440-3
040
_c
LCC
050
_a
Z 694 .A 56A 89
100
_a
ASWAL,R.S
245
0
_a
AACR2R WITH MARC21 CATALOGUING PRACTICE FOR 21ST CENTURY
942
_c
BK
_2
ddc
999
_c
206773
_d
206773